Marges de commercialisation pour les oeufs dans les pays de l'OECE (Record no. 176730)

MARC details
000 -LEADER
campo de control de longitud fija 01079nam a22002415i 4500
001 - NÚMERO DE CONTROL
campo de control 176730
003 - IDENTIFICADOR DE NÚMERO DE CONTROL
campo de control ES-MaACL
005 - FECHA Y HORA DE LA ÚLTIMA TRANSACCIÓN
campo de control 20250902014404.0
008 - DATOS DE LONGITUD FIJA--INFORMACIÓN GENERAL
campo de control de longitud fija 110204s1959 fr |||| | fre d
080 ## - NÚMERO DE LA CLASIFICACIÓN DECIMAL UNIVERSAL
Número de la Clasificación Decimal Universal 637.4
080 ## - NÚMERO DE LA CLASIFICACIÓN DECIMAL UNIVERSAL
Número de la Clasificación Decimal Universal 339.188
245 00 - MENCIÓN DEL TÍTULO
Título Marges de commercialisation pour les oeufs dans les pays de l'OECE
Resto del título : projet nº 285.
260 ## - PUBLICACIÓN, DISTRIBUCIÓN, ETC.
Lugar de publicación, distribución, etc. [Paris] :
Nombre del editor, distribuidor, etc. Agence Européenne de Productivité, Division de l'action technique et de la productivité dans l'agriculture et l'alimentation, Organisation Européenne de Coopération Économique,
Fecha de publicación, distribución, etc. 1959.
300 ## - DESCRIPCIÓN FÍSICA
Extensión 53 p. ;
Dimensiones 27 cm.
490 1# - MENCIÓN DE SERIE
Mención de serie Alimentation et agriculture documentation. Série 1959 ;
Designación de volumen o secuencia 16
546 ## - NOTA DE IDIOMA
Nota de lengua/lenguaje Texto en francés.
650 04 - PUNTO DE ACCESO ADICIONAL DE MATERIA--TÉRMINO DE MATERIA
Término de materia o nombre geográfico como elemento de entrada Huevos-
Subdivisión general Comercialización.
9 (RLIN) 144257
650 07 - PUNTO DE ACCESO ADICIONAL DE MATERIA--TÉRMINO DE MATERIA
Término de materia o nombre geográfico como elemento de entrada Distribución comercial
Fuente del encabezamiento o término embne
9 (RLIN) 11951
710 0# - ENTRADA AGREGADA--NOMBRE DE ENTIDAD CORPORATIVA
Nombre de entidad corporativa o nombre de jurisdicción como elemento de entrada Organización de Cooperación y Desarrollo Económico.
Unidad subordinada Agencia Europea de Productividad.
9 (RLIN) 6056
830 0# - PUNTO DE ACCESO ADICIONAL DE SERIE-TÍTULO UNIFORME
Título uniforme Alimentation et agriculture documentation. Série 1959 ;
Designación de volumen o secuencia 16
9 (RLIN) 190202
852 ## - LOCALIZACIÓN
Ubicación ES-MaACL
Número de control de estantería E-14190
Encuadernación Olim P-969-bis
Holdings
Estatus retirado Estado de pérdida Estado de daño No para préstamo Biblioteca de origen Biblioteca actual Ubicación en estantería Fecha de adquisición Fuente de adquisición Total de préstamos Signatura topográfica completa Código de barras Visto por última vez Precio de reemplazo Tipo de ítem Koha
        Biblioteca del Ateneo de Madrid Biblioteca del Ateneo de Madrid Depósito 2 04/02/2011     E-14190 1185622 23/02/2023 23/02/2023 Libro impreso